| 000 | 00550nam a22001697a 4500 | ||
|---|---|---|---|
| 020 | _a0072347643 | ||
| 082 | 0 | 0 | _a519.5 DUN |
| 100 | 1 | _aDunn, Dana. | |
| 245 | 1 | 0 | _aStatistics and data analysis for the behavioral sciences / |
| 260 |
_aBoston : _bMcGraw Hill Higher Education, _cc2001. |
||
| 300 |
_axxviii, 582, [138] p. : _bill. (some col.) ; |
||
| 650 | 0 | _aPsychometrics. | |
| 650 | 0 | _aPsychology | |
| 856 | 4 | 2 | _uhttp://www.loc.gov/catdir/description/mh021/00030546.html |
| 856 | 4 | 1 | _uhttp://www.loc.gov/catdir/toc/mh021/00030546.html |
| 942 | _cBK | ||
| 999 |
_c2509 _d2509 |
||